00903nam a2200217 a 450000100100000000500170001000800410002704000250006808200120009310000350010524500650014026000370020530000270024265000660026965000590033591000370039404900090043195201110044095201170055199900170066800002946820200930055555.0110415s1998 dr a 000 0 spa d aDO-SdBNPbspacBNPHU aF-RD 921 aLima Marte, Franklyn de95634010aWindows 3.11 :bmanual práctico /cFranklyn de Lima Marte. a[Santo Domingo] :bCENTU,c1998. a58 p. :bil. ;c22 cm. 4aMicrosoft windows (programa para computador)xManuales953247 4aSistemas operacionales (computadores)xManuales956341 aValidado. Control de calidad EMS aBNPD 0010718PDaPDbPDcHDd2011-04-15iLF1l0oF-RD 92p29468-10r2020-06-25w2020-06-25yLFPDZNo se presta 0010718PDaPDbPDcHDd2018-04-05iLF1l0oF-RD 92p29468-20r2020-06-25te. 2w2020-06-25yLFPDZNo se presta c28960d28960